000 00534nam a2200193Ia 4500
005 20250923145408.0
008 008 250917s9999 xx 000 0 eng d
037 _aTextual
040 _aDSWL
_beng
_cDSWL
041 _aeng
_2eng
084 _aR65x,N, N52
_qDSWL
245 0 _aVedanta for Modern Man
_c Ed.by C. Isherwood
260 _aLondon
_bGeorge Allen & Unwin
_c1952
300 _axv,410p.
365 _aINR
_b28 . 0
925 _g28 . 0
942 _cTEXL
_hR65x,N, N52
999 _c1450856
_d1450856